Normal view
MARC view
- Krysinski, Tomasz
Entry Personal Name
001 - CONTROL NUMBER
- control field: 35954
003 - CONTROL NUMBER IDENTIFIER
- control field: NUST
005 - DATE AND TIME OF LATEST TRANSACTION
- control field: 20210311154539.0
008 - FIXED-LENGTH DATA ELEMENTS
- fixed length control field: 210311|| aca||aabn | a|a d
040 ## - CATALOGING SOURCE
- Original cataloging agency: NUST
- Transcribing agency: NUST
100 ## - HEADING--PERSONAL NAME
- Personal name: Krysinski, Tomasz
670 ## - SOURCE DATA FOUND
- Source citation: Work cat.: (NUST)31610: Krysinski, Tomasz., Mechanical Vibrations :, c2006.
